000 00370nam a2200145Ia 4500
008 191201s2019 xx 000 0 und d
082 _a687.042
_bCAD
100 _aCAMPELL, Hilary
245 0 _aDesigning Patterns A Fresh Approach to Pattern Cutting
250 _a1st
260 _aN.Delhi
_bOm book Service
300 _a121
650 _aB.Tech(TE)
942 _2ddc
_cBK
999 _c2603
_d2603